Lyrický a zvonivý soprán K jubileu Anny Kajabovej-Peňaškovej

Bibliographic Details
Main Author: Zuzkin, E. (Author)
Format: Article
Language:Slovak
PhysicalDescription:Obr. 1.
Subjects:

MARC

LEADER 00000nab a2200000 a 4500
001 vtls000292816
003 SK-MaSNL
005 20260304235556.0
008 160215c1987 xo 0 slo
015 |a SNBRB19rr/mm-uuuuu 
035 |a CL0302935 
040 |a SNKBUCL  |b slo  |c SNKBUCL  |e AACR2 
041 0 |a slo 
044 |a xo  |c SK 
080 |a 78.071.2:792.5  |2 1981 
080 |a 792.5  |2 1981 
080 |a 929 Kajabová-Peňašková, Anna  |2 1981 
100 1 |a Zuzkin, E.  |4 aut  |9 947767 
245 1 0 |a Lyrický a zvonivý soprán  |b K jubileu Anny Kajabovej-Peňaškovej  |c E. Zuzkin 
300 |b Obr. 1. 
600 1 7 |a Kajabová-Peňašková, Anna,  |d 1937-2018  |2 snkbucl  |9 168114 
655 7 |a články z novín a časopisov  |2 snkbucl  |9 267496 
773 0 |t Ľud  |g Roč. 40, č. 252 (27. 10. 1987), s. 5 
850 |a Slovenská národná knižnica v Martine  |a MTA001 
852 |a SNK  |b KIS3GCP 
958 |a BX 
958 |a RK 
992 |a RBX 
999 |c 3209503  |d 3211433